[Event "Longtou Cup 2nd"]
[Site "Qinhuangdao"]
[Date "2019.04.23"]
[Round "7"]
[White "Peng, Hongchi"]
[Black "Wu, Wenjin"]
[Result "0-1"]
[WhiteElo "2347"]
[BlackElo "2345"]
[PlyCount "92"]
[EventDate "2019.04.16"]
[EventType "swiss"]
[EventRounds "9"]
[EventCountry "CHN"]
[SourceTitle "CBM 190 Extra"]
[Source "ChessBase"]
[SourceDate "2019.07.15"]
[SourceVersion "1"]
[SourceVersionDate "2019.07.15"]
[SourceQuality "1"]

1. e4 e5 2. Nf3 Nc6 3. Bb5 Nf6 4. d3 d6 5. 0-0 Bd7 6. c4 g6 7. Nc3 Bg7 8. Be3 0-0 9. h3 Nh5 10. Bxc6 bxc6 11. d4 exd4 12. Bxd4 Bh6 13. Re1 Rb8 14. b3 c5 15. Be3 Bg7 16. e5 Bc6 17. Nd5 Bxd5 18. Qxd5 dxe5 19. Qxc5 Re8 20. Rad1 Qc8 21. Qc6 e4 22. Ng5 Bc3 23. Nxf7 Nf6 24. Ng5 h6 25. Bxa7 Qb7 26. Qc5 Ra8 27. Re3 Qxa7 28. Qc6 Qb6 29. Qxb6 cxb6 30. Rxc3 hxg5 31. a4 Kf7 32. c5 Rac8 33. Rdc1 Nd5 34. Rc4 Nf4 35. Kh2 Nd3 36. R1c3 Rxc5 37. Kg3 Rec8 38. f3 Rxc4 39. bxc4 Nc5 40. Ra3 Ra8 41. fxe4 Rxa4 42. Rxa4 Nxa4 43. Kg4 Nc5 44. e5 Nd3 45. e6+ Kf6 46. e7 Ne5+ 0-1

[Event "Longtou Cup 2nd"]
[Site "Qinhuangdao"]
[Date "2019.04.22"]
[Round "6"]
[White "Wu, Wenjin"]
[Black "Zhang, Xiao"]
[Result "1-0"]
[WhiteElo "2345"]
[BlackElo "2141"]
[PlyCount "117"]
[EventDate "2019.04.16"]
[EventType "swiss"]
[EventRounds "9"]
[EventCountry "CHN"]
[SourceTitle "CBM 190 Extra"]
[Source "ChessBase"]
[SourceDate "2019.07.15"]
[SourceVersion "1"]
[SourceVersionDate "2019.07.15"]
[SourceQuality "1"]

1. c4 e5 2. Nc3 Nf6 3. Nf3 Nc6 4. e3 d5 5. cxd5 Nxd5 6. Bb5 Nxc3 7. bxc3 Bd6 8. e4 0-0 9. 0-0 f5 10. d3 Qf6 11. Re1 a6 12. Bc4+ Kh8 13. exf5 Bxf5 14. Bd5 e4 15. dxe4 Bg4 16. Bxc6 Bxf3 17. e5 Bxd1 18. exf6 bxc6 19. fxg7+ Kxg7 20. Rxd1 Be5 21. Rd7+ Kg6 22. Be3 Rab8 23. g3 Rb2 24. a4 Rc2 25. Rc1 Ra2 26. c4 Rf7 27. Rd8 Rxa4 28. Rc2 Bf6 29. Ra8 Kf5 30. f3 Rd7 31. g4+ Kg6 32. Kg2 Ra3 33. Bc5 Ra4 34. Bf2 Be5 35. Re2 Bf6 36. c5 Kf7 37. Ra7 Be7 38. Kg3 Ra3 39. Re5 Bd8 40. Be3 Rdd3 41. Rf5+ Kg6 42. Bc1 Ra2 43. h4 Rd1 44. h5+ Kg7 45. Be3 Re2 46. Bg5 Bxg5 47. Rxg5+ Kh6 48. Rf5 Rd7 49. Rf6+ Kg7 50. Rxc6 Ree7 51. h6+ Kf7 52. Raxa6 Rd3 53. Ra7 Rdd7 54. Kh4 Kf8 55. f4 Rf7 56. f5 Ke8 57. Kg5 Rde7 58. Re6 Kd8 59. Ra8+ 1-0

[Event "Longtou Cup 2nd"]
[Site "Qinhuangdao"]
[Date "2019.04.16"]
[Round "1"]
[White "Wang, Hao"]
[Black "Wu, Wenjin"]
[Result "1-0"]
[WhiteElo "2726"]
[BlackElo "2345"]
[PlyCount "79"]
[EventDate "2019.04.16"]
[EventType "swiss"]
[EventRounds "9"]
[EventCountry "CHN"]
[SourceTitle "CBM 190 Extra"]
[Source "ChessBase"]
[SourceDate "2019.07.15"]
[SourceVersion "1"]
[SourceVersionDate "2019.07.15"]
[SourceQuality "1"]

1. e4 e5 2. Nf3 Nc6 3. Bb5 a6 4. Ba4 Nf6 5. 0-0 Be7 6. Re1 d6 7. c3 Bg4 8. d4 b5 9. Bb3 0-0 10. Be3 Na5 11. dxe5 Bxf3 12. Qxf3 dxe5 13. Bc2 Nc4 14. Bc1 Nd7 15. Qg3 Re8 16. Rd1 Nd6 17. Be3 Nc4 18. Bh6 Bf6 19. b3 Nd6 20. Nd2 Nf8 21. Be3 Ne6 22. Nf3 Nf4 23. Bxf4 exf4 24. Qxf4 Bxc3 25. e5 Bxa1 26. Rxa1 g6 27. Rd1 Qe7 28. exd6 cxd6 29. b4 d5 30. Bb3 Rad8 31. h4 Qd6 32. Qd2 Kg7 33. g3 Qf6 34. Kg2 Re7 35. h5 d4 36. h6+ Kg8 37. Qf4 Qxf4 38. gxf4 Kf8 39. Ng5 Rd6 40. Nxh7+ 1-0

[Event "CHN-chT"]
[Site "China"]
[Date "2013.10.11"]
[Round "12.2"]
[White "Wu, Wenjin"]
[Black "Ma, Qun"]
[Result "0-1"]
[WhiteElo "2355"]
[BlackElo "2559"]
[PlyCount "84"]
[EventDate "2013.04.30"]
[EventType "team-tourn"]
[EventRounds "22"]
[EventCountry "CHN"]
[SourceTitle "EXT 2014"]
[Source "ChessBase"]
[SourceDate "2013.11.20"]
[SourceVersion "1"]
[SourceVersionDate "2013.11.20"]
[SourceQuality "1"]
[WhiteTeam "Qinhuangdao"]
[BlackTeam "Tianjin"]
[WhiteTeamCountry "CHN"]
[BlackTeamCountry "CHN"]

1. d4 d5 2. Nf3 Nf6 3. c4 c6 4. e3 Bf5 5. cxd5 cxd5 6. Qb3 Qc7 7. Bd2 a6 8. Nc3 e6 9. Nh4 Be4 10. f3 Bg6 11. Nxg6 hxg6 12. e4 dxe4 13. fxe4 Be7 14. Rc1 Nc6 15. d5 exd5 16. Nxd5 Nxd5 17. exd5 Qe5+ 18. Kf2 Nd4 19. Qe3 Qxd5 20. Bc4 Qf5+ 21. Qf4 Rh4 22. Qxf5 Nxf5 23. g3 Rd4 24. Ba5 Kf8 25. Bb3 Bd8 26. Bc3 Rd3 27. Bb4+ Kg8 28. Bc5 b6 29. Ba3 Rd2+ 30. Kf1 Bg5 31. Rc7 Rad8 32. Rxf7 Kh7 33. Bb4 Ne3+ 34. Ke1 Rd1+ 35. Bxd1 Rxd1+ 36. Ke2 Rxh1 37. h4 Bh6 38. Bc3 Nf5 39. Be5 Rc1 40. Ra7 Rc5 41. Bc7 Rc2+ 42. Kf3 Nd4+ 0-1

[Event "Qinhuangdao op 1st"]
[Site "Qinhuangdao"]
[Date "2011.10.02"]
[Round "3"]
[White "Wu, Wenjin"]
[Black "Lu, Shanglei"]
[Result "0-1"]
[WhiteElo "2387"]
[BlackElo "2517"]
[PlyCount "70"]
[EventDate "2011.10.01"]
[EventType "swiss"]
[EventRounds "9"]
[EventCountry "CHN"]
[SourceTitle "CBM 144 Extra"]
[Source "ChessBase"]
[SourceDate "2011.10.28"]
[SourceVersion "1"]
[SourceVersionDate "2011.10.28"]
[SourceQuality "1"]

1. d4 d5 2. c4 c6 3. e3 Nf6 4. Nc3 e6 5. Nf3 Nbd7 6. Bd3 dxc4 7. Bxc4 b5 8. Bd3 a6 9. e4 c5 10. d5 Bb7 11. dxe6 fxe6 12. 0-0 c4 13. Bc2 Qc7 14. Nd4 Nc5 15. Qf3 0-0-0 16. Be3 h5 17. Qh3 Ng4 18. b4 cxb3 19. Bxb3 Kb8 20. Nxe6 Nxe6 21. Bxe6 Bd6 22. Rad1 Bxh2+ 23. Kh1 Bf4 24. Rxd8+ Rxd8 25. Nd5 Bxd5 26. exd5 Rf8 27. Qxh5 g6 28. Qh3 Nxe3 29. fxe3 Qc3 30. Qf3 Bd6 31. Qe2 Rh8+ 32. Kg1 Qe5 33. g4 Qg3+ 34. Qg2 Qxe3+ 35. Qf2 Bh2+ 0-1

[Event "All China Games 4th"]
[Site "Hefei"]
[Date "2010.05.20"]
[Round "10"]
[White "Tan, Zhongyi"]
[Black "Wu, Wenjin"]
[Result "1/2-1/2"]
[WhiteElo "2464"]
[BlackElo "2407"]
[PlyCount "94"]
[EventDate "2010.05.17"]
[EventType "swiss (rapid)"]
[EventRounds "11"]
[EventCountry "CHN"]
[SourceTitle "CBM 136 Extra"]
[Source "ChessBase"]
[SourceDate "2010.07.02"]
[SourceVersion "2"]
[SourceVersionDate "2010.07.15"]
[SourceQuality "1"]

1. d4 d5 2. c4 c6 3. Nf3 Nf6 4. Nc3 a6 5. c5 Nbd7 6. Bf4 Nh5 7. Bd2 Nhf6 8. Bf4 Nh5 9. Bd2 Nhf6 10. Qc2 g6 11. g3 Bg7 12. Bg2 0-0 13. 0-0 Re8 14. Rad1 Nf8 15. Na4 Bf5 16. Qb3 Ra7 17. Ne5 N6d7 18. f4 Nf6 19. Nb6 a5 20. Qa4 N8d7 21. Nbxd7 Nxd7 22. b4 b5 23. cxb6 Nxb6 24. Qxc6 axb4 25. Bxb4 Rxa2 26. Bc5 Rb2 27. Bxb6 Rxb6 28. Qxd5 Qxd5 29. Bxd5 e6 30. Bf3 Bc2 31. Rd2 Ba4 32. Ra1 Rb4 33. Rda2 Bb5 34. e3 f6 35. Ng4 h5 36. Nf2 e5 37. f5 gxf5 38. Bxh5 Rd8 39. Bg6 exd4 40. exd4 f4 41. gxf4 f5 42. Ra8 Rbxd4 43. Rxd8+ Rxd8 44. Ra5 Rd5 45. Be8 Bc6 46. Rxd5 Bxd5 47. Bd7 Be4 1/2-1/2

[Event "All China Games 4th"]
[Site "Hefei"]
[Date "2010.05.19"]
[Round "9"]
[White "Wu, Wenjin"]
[Black "Huang, Qian"]
[Result "1-0"]
[WhiteElo "2407"]
[BlackElo "2437"]
[PlyCount "109"]
[EventDate "2010.05.17"]
[EventType "swiss (rapid)"]
[EventRounds "11"]
[EventCountry "CHN"]
[SourceTitle "CBM 136 Extra"]
[Source "ChessBase"]
[SourceDate "2010.07.02"]
[SourceVersion "2"]
[SourceVersionDate "2010.07.15"]
[SourceQuality "1"]

1. d4 Nf6 2. c4 g6 3. Nc3 Bg7 4. Bf4 0-0 5. Nf3 c5 6. d5 d6 7. h3 a6 8. e3 Bf5 9. Bd3 Bxd3 10. Qxd3 Nbd7 11. 0-0 Qa5 12. a4 Ne8 13. e4 Ne5 14. Nxe5 dxe5 15. Bd2 Qc7 16. a5 Nf6 17. Be3 Nd7 18. d6 Qxd6 19. Qxd6 exd6 20. Rfd1 Rfd8 21. Rxd6 Bf8 22. Rd3 Nf6 23. Rad1 Rxd3 24. Rxd3 h6 25. f3 Kg7 26. Kf1 Rc8 27. Ke2 Rc7 28. Rd8 Be7 29. Ra8 Bd6 30. g4 g5 31. Bf2 Rc6 32. Nd5 Nxd5 33. exd5 Rc7 34. Kd3 f6 35. Ke4 Kg6 36. b3 Be7 37. Be3 Bd6 38. Re8 Be7 39. Bf2 Kf7 40. Ra8 Kg6 41. Be3 Bd6 42. Re8 Be7 43. Rxe7 Rxe7 44. Bxc5 Rd7 45. d6 Kf7 46. Kd5 h5 47. gxh5 Ke8 48. Ke6 Rh7 49. Be3 f5 50. Bxg5 e4 51. fxe4 fxe4 52. h6 Rd7 53. b4 Rf7 54. c5 Rh7 55. b5 1-0

[Event "All China Games 4th"]
[Site "Hefei"]
[Date "2010.05.18"]
[Round "3"]
[White "Wang, Hao"]
[Black "Wu, Wenjin"]
[Result "1-0"]
[WhiteElo "2722"]
[BlackElo "2407"]
[PlyCount "89"]
[EventDate "2010.05.17"]
[EventType "swiss (rapid)"]
[EventRounds "11"]
[EventCountry "CHN"]
[SourceTitle "CBM 136 Extra"]
[Source "ChessBase"]
[SourceDate "2010.07.02"]
[SourceVersion "2"]
[SourceVersionDate "2010.07.15"]
[SourceQuality "1"]

1. c4 c5 2. Nf3 Nf6 3. g3 Nc6 4. d4 cxd4 5. Nxd4 d5 6. Bg2 e5 7. Nxc6 bxc6 8. 0-0 Be6 9. Nc3 Qd7 10. cxd5 cxd5 11. Bg5 Rd8 12. Bxf6 gxf6 13. Rc1 Be7 14. e3 0-0 15. Qh5 Kh8 16. e4 d4 17. Nd5 Rc8 18. Qh6 Bxd5 19. exd5 Rxc1 20. Rxc1 f5 21. Bh3 Rg8 22. Qh5 Bg5 23. Rc6 d3 24. Rf6 Rg7 25. Rxf5 d2 26. Rxe5 d1Q+ 27. Qxd1 Qxh3 28. Re8+ Rg8 29. Qd4+ f6 30. Rxg8+ Kxg8 31. Qxa7 Qg4 32. Qb8+ Kg7 33. Qc7+ Kh6 34. Qc2 Qd4 35. Qc6 Bd2 36. d6 Be1 37. Qf3 Bd2 38. d7 Kg6 39. Qc6 Ba5 40. Qc2+ f5 41. Qc6+ Kf7 42. Qb5 Bb6 43. Qxf5+ Ke7 44. Qxh7+ Kd8 45. Qh4+ 1-0

[Event "All China Games 4th"]
[Site "Hefei"]
[Date "2010.05.17"]
[Round "1"]
[White "Wu, Wenjin"]
[Black "Yu, Yangyi"]
[Result "0-1"]
[WhiteElo "2407"]
[BlackElo "2585"]
[PlyCount "90"]
[EventDate "2010.05.17"]
[EventType "swiss (rapid)"]
[EventRounds "11"]
[EventCountry "CHN"]
[SourceTitle "CBM 136 Extra"]
[Source "ChessBase"]
[SourceDate "2010.07.02"]
[SourceVersion "2"]
[SourceVersionDate "2010.07.15"]
[SourceQuality "1"]

1. d4 d5 2. c4 c6 3. Nc3 Nf6 4. cxd5 cxd5 5. Bf4 a6 6. e3 b5 7. Bd3 e6 8. Nf3 Bb7 9. 0-0 Nbd7 10. Ne5 Be7 11. a4 b4 12. Nb1 Nxe5 13. Bxe5 0-0 14. a5 Nd7 15. Bg3 g6 16. Nd2 Re8 17. Nb3 Bf8 18. f4 Bc6 19. Qe2 Qc8 20. Bh4 Qb7 21. Rfc1 Bd6 22. Rc2 Reb8 23. Qf1 Kf8 24. g4 Kg8 25. h3 Re8 26. Bg3 Rec8 27. Rac1 Rc7 28. Bh4 Ba4 29. Rxc7 Bxc7 30. Nc5 Nxc5 31. Rxc5 Bd6 32. Rc1 b3 33. Bf6 Qb4 34. Qf2 Qxa5 35. f5 exf5 36. gxf5 Bb5 37. Bxb5 Qxb5 38. h4 Qd7 39. Rf1 Rc8 40. h5 Rc2 41. Qf3 Qxf5 42. Qxf5 gxf5 43. Rxf5 Kf8 44. h6 Rxb2 45. Rxd5 Bc7 0-1

[Event "Xing Qiu op"]
[Site "Lishui"]
[Date "2009.09.23"]
[Round "7"]
[White "Zeng, Chongsheng"]
[Black "Wu, Wenjin"]
[Result "1-0"]
[WhiteElo "2323"]
[BlackElo "2407"]
[PlyCount "154"]
[EventDate "2009.09.17"]
[EventType "swiss"]
[EventRounds "9"]
[EventCountry "CHN"]
[SourceTitle "CBM 132 Extra"]
[Source "ChessBase"]
[SourceDate "2009.11.03"]
[SourceVersion "1"]
[SourceVersionDate "2009.11.03"]
[SourceQuality "1"]

1. d4 Nf6 2. c4 e6 3. Nf3 d5 4. g3 dxc4 5. Bg2 c5 6. 0-0 Nc6 7. Ne5 Bd7 8. Na3 cxd4 9. Naxc4 Be7 10. Qb3 Qc8 11. Bf4 0-0 12. Rac1 Nd5 13. Bxd5 exd5 14. Nd2 Bh3 15. Rfe1 Qe6 16. Ndf3 Bf6 17. Nd3 Na5 18. Qb4 Qb6 19. Bc7 Qxb4 20. Nxb4 Nc6 21. Nxd5 Bd8 22. Bxd8 Rfxd8 23. Nf4 Bg4 24. Nd2 Rac8 25. f3 Bd7 26. Nb3 b6 27. Red1 g5 28. Nd5 Kg7 29. Kf2 Be6 30. e4 dxe3+ 31. Nxe3 Nb4 32. Rxc8 Rxc8 33. Nd4 Bxa2 34. Ndf5+ Kf6 35. Nd6 Rc6 36. Ne4+ Kg6 37. f4 h6 38. f5+ Kg7 39. Rd8 a5 40. h4 gxh4 41. gxh4 Bb1 42. Ng3 Kf6 43. Re8 Kg7 44. Kf3 f6 45. Nh5+ Kf7 46. Rh8 Nd3 47. Rh7+ Kf8 48. Rxh6 Nxb2 49. Nxf6 Rc3 50. Kf4 Nd3+ 51. Kg5 Rc1 52. Rh8+ Ke7 53. Nfd5+ Kd7 54. Nxb6+ Kc6 55. Rc8+ Kxb6 56. Nd5+ Kb7 57. Rxc1 Nxc1 58. f6 Nd3 59. f7 Nc5 60. Kf6 Nd7+ 61. Kg7 Ba2 62. Nc3 Bb3 63. h5 Kc6 64. Ne2 Kc5 65. Nf4 a4 66. Nd3+ Kd6 67. h6 a3 68. Nb4 a2 69. Nxa2 Bc2 70. Nc3 Bd3 71. h7 Bxh7 72. Kxh7 Nf8+ 73. Kg8 Ne6 74. Ne4+ Ke7 75. Ng5 Nf8 76. Kg7 Nd7 77. Nh7 Ke6 1-0

[Event "Xing Qiu op"]
[Site "Lishui"]
[Date "2009.09.21"]
[Round "5"]
[White "Le, Quang Liem"]
[Black "Wu, Wenjin"]
[Result "1-0"]
[WhiteElo "2602"]
[BlackElo "2407"]
[PlyCount "98"]
[EventDate "2009.09.17"]
[EventType "swiss"]
[EventRounds "9"]
[EventCountry "CHN"]
[SourceTitle "CBM 132 Extra"]
[Source "ChessBase"]
[SourceDate "2009.11.03"]
[SourceVersion "1"]
[SourceVersionDate "2009.11.03"]
[SourceQuality "1"]

1. d4 Nf6 2. c4 e6 3. Nc3 d5 4. cxd5 exd5 5. Bg5 c6 6. e3 Nbd7 7. Bd3 Be7 8. Nge2 Nf8 9. Qc2 Ne6 10. Bh4 g6 11. 0-0 0-0 12. Rad1 Ng4 13. Bg3 Bd6 14. h3 Bxg3 15. Nxg3 Nf6 16. b4 Qe7 17. b5 c5 18. dxc5 Nxc5 19. Be2 Be6 20. Bf3 Rfd8 21. Rd4 Rac8 22. Qb2 Rd6 23. Rfd1 Rcd8 24. R1d2 b6 25. Qb1 Nfe4 26. Bxe4 dxe4 27. Qd1 Rxd4 28. exd4 e3 29. fxe3 Bc4 30. Qf3 Ne6 31. d5 Nc5 32. Qf4 Nd3 33. Qd4 Ne5 34. Rf2 Bd3 35. Rd2 Bc4 36. Kh2 Kg7 37. Nge4 f6 38. Rf2 Rf8 39. Nd2 Bd3 40. Nf3 Rc8 41. d6 Qe6 42. Rd2 Rc4 43. Qd5 Nxf3+ 44. gxf3 Qxe3 45. Qxd3 Qe5+ 46. f4 Qxf4+ 47. Kh1 Qe5 48. d7 Rxc3 49. d8Q Rc8 1-0

[Event "CHN-chT Torch Real Estate Cup"]
[Site "Jiangsu Wuxi"]
[Date "2008.10.22"]
[Round "10"]
[White "Wu, Wenjin"]
[Black "Yu, Yangyi"]
[Result "1/2-1/2"]
[WhiteElo "2442"]
[BlackElo "2356"]
[PlyCount "120"]
[EventDate "2008.05.19"]
[EventType "team-tourn"]
[EventRounds "12"]
[EventCountry "CHN"]
[SourceTitle "EXT 2009"]
[Source "ChessBase"]
[SourceDate "2008.11.26"]
[SourceVersion "1"]
[SourceVersionDate "2008.11.26"]
[SourceQuality "1"]

1. Nf3 Nf6 2. c4 c6 3. d4 d5 4. e3 e6 5. Nc3 Nbd7 6. Bd3 dxc4 7. Bxc4 b5 8. Bd3 b4 9. Na4 c5 10. e4 cxd4 11. e5 Nd5 12. 0-0 Be7 13. Re1 0-0 14. Re4 Bb7 15. Rxd4 Qc7 16. Rc4 Qb8 17. Bg5 Nxe5 18. Nxe5 Qxe5 19. Bxe7 Nxe7 20. Rxb4 Bc6 21. Nc3 Rab8 22. Rxb8 Rxb8 23. Qc2 Ng6 24. Rd1 Qf6 25. Rd2 Qe5 26. Qd1 Qg5 27. Be4 Bxe4 28. Nxe4 Qe5 29. Nc3 h6 30. g3 Qf6 31. Kg2 Ne5 32. Ne4 Qe7 33. Nd6 Qc7 34. Qc2 Qxc2 35. Rxc2 Nd3 36. Rc3 Nxb2 37. Ra3 Rd8 38. Ra6 Nd3 39. Nb5 Rb8 40. a4 Nc5 41. Rxa7 Nxa4 42. Nd6 Nc5 43. Nxf7 Rb7 44. Rxb7 Nxb7 45. Ne5 Kf8 46. Kf3 Ke7 47. Ke4 Kf6 48. Ng4+ Ke7 49. Kd4 Nd6 50. h4 Nf5+ 51. Ke5 Nd6 52. h5 Ne8 53. Ne3 Nf6 54. g4 Nd7+ 55. Ke4 Nf6+ 56. Kf4 Nd7 57. Nc4 Kf6 58. f3 Nc5 59. Ne5 Nb3 60. Nd3 Nd4 1/2-1/2

[Event "CHN-chT Torch Real Estate Cup"]
[Site "Jiangsu Wuxi"]
[Date "2008.10.21"]
[Round "9"]
[White "Zhou, Weiqi"]
[Black "Wu, Wenjin"]
[Result "1/2-1/2"]
[WhiteElo "2560"]
[BlackElo "2442"]
[PlyCount "42"]
[EventDate "2008.05.19"]
[EventType "team-tourn"]
[EventRounds "12"]
[EventCountry "CHN"]
[SourceTitle "EXT 2009"]
[Source "ChessBase"]
[SourceDate "2008.11.26"]
[SourceVersion "1"]
[SourceVersionDate "2008.11.26"]
[SourceQuality "1"]

1. d4 Nf6 2. c4 e6 3. Nc3 d5 4. Nf3 Be7 5. Bf4 0-0 6. e3 b6 7. cxd5 Nxd5 8. Nxd5 Qxd5 9. a3 c5 10. dxc5 Qxc5 11. Be2 Ba6 12. 0-0 Rd8 13. Qe1 Bf6 14. Bxa6 Nxa6 15. Qe2 Nc7 16. Rac1 Qb5 17. Qxb5 Nxb5 18. Ne5 Bxe5 19. Bxe5 f6 20. Bg3 e5 21. f4 exf4 1/2-1/2

[Event "Shandong zt 3.5"]
[Site "Shandong"]
[Date "2007.05.01"]
[Round "4"]
[White "Wu, Wenjin"]
[Black "Ju, Wenjun"]
[Result "0-1"]
[WhiteElo "2498"]
[BlackElo "2345"]
[PlyCount "60"]
[EventDate "2007.04.28"]
[EventType "swiss"]
[EventRounds "9"]
[EventCountry "CHN"]
[SourceTitle "CBM 118 Extra"]
[Source "ChessBase"]
[SourceDate "2007.07.04"]
[SourceVersion "1"]
[SourceVersionDate "2007.07.04"]
[SourceQuality "1"]

1. b3 Nf6 2. Bb2 d5 3. Nf3 c5 4. e3 Nc6 5. Bb5 Bd7 6. 0-0 e6 7. Bxc6 Bxc6 8. Ne5 Rc8 9. f4 Be7 10. d3 0-0 11. Nd2 b5 12. a4 b4 13. Rf3 Bb7 14. Rh3 d4 15. e4 g6 16. Qe2 Nd7 17. Nec4 Nb6 18. Re1 Nxc4 19. Nxc4 Rc7 20. f5 exf5 21. exf5 Bg5 22. Rf1 Re8 23. Qg4 h5 24. Qd1 Rce7 25. fxg6 fxg6 26. Rg3 Re2 27. Bc1 h4 28. Rf8+ Rxf8 29. Qxe2 hxg3 30. Qe6+ Kg7 0-1

[Event "CHN-chT 3rd"]
[Site "China"]
[Date "2007.04.24"]
[Round "1"]
[White "Zhou, Jianchao"]
[Black "Wu, Wenjin"]
[Result "1/2-1/2"]
[WhiteElo "2572"]
[BlackElo "2498"]
[PlyCount "125"]
[EventDate "2007.04.??"]
[EventType "team-tourn"]
[EventRounds "18"]
[EventCountry "CHN"]
[SourceTitle "EXT 2017"]
[Source "ChessBase"]
[SourceDate "2016.10.25"]
[SourceVersion "1"]
[SourceVersionDate "2016.10.25"]
[SourceQuality "1"]

1. d4 Nf6 2. c4 e6 3. Nf3 b6 4. g3 Ba6 5. b3 d5 6. cxd5 exd5 7. Bg2 Bd6 8. 0-0 0-0 9. Nc3 Re8 10. Re1 Bb7 11. Qc2 Na6 12. Bf4 Bxf4 13. gxf4 c5 14. Rad1 Qc7 15. e3 cxd4 16. Nxd4 Rac8 17. Ndb5 Qb8 18. Qb2 Nc5 19. Nxd5 Nxd5 20. Bxd5 Bxd5 21. Rxd5 Rc6 22. Red1 Ne4 23. f3 Rg6+ 24. Kh1 Nf6 25. Re5 Rd8 26. Rxd8+ Qxd8 27. Nd4 h6 28. Qc2 Nd7 29. Rd5 Qh4 30. Qe2 Nf6 31. Nf5 Qh3 32. Ne7+ Kh7 33. Nxg6 Nxd5 34. Ne5 f5 35. Kg1 Qh4 36. Qd2 b5 37. Kg2 Ne7 38. a4 bxa4 39. bxa4 Qf6 40. Qd7 Qa6 41. Kf2 Qa5 42. e4 Qc5+ 43. Kg2 Qc2+ 44. Kg3 Qc1 45. Qd4 a5 46. Qd3 Qg1+ 47. Kh3 g6 48. Nc4 Qf2 49. Nd2 fxe4 50. Nxe4 Qa2 51. Qd7 Qf7 52. Nd6 Qf6 53. f5 h5 54. fxg6+ Kxg6 55. Kg2 Qg5+ 56. Kh3 Qf6 57. Ne4 Qxf3+ 58. Ng3 Nd5 59. Qe8+ Kg7 60. Qd7+ Kf6 61. Qd6+ Kf7 62. Qd7+ Kg6 63. Qe8+ 1/2-1/2

[Event "Singapore Masters 3rd"]
[Site "Singapore"]
[Date "2006.12.30"]
[Round "9"]
[White "Wu, Wenjin"]
[Black "Nguyen, Anh Dung"]
[Result "1/2-1/2"]
[WhiteElo "2476"]
[BlackElo "2541"]
[PlyCount "62"]
[EventDate "2006.12.26"]
[EventType "swiss"]
[EventRounds "9"]
[EventCountry "SIN"]
[SourceTitle "CBM 116 Extra"]
[Source "ChessBase"]
[SourceDate "2007.03.07"]
[SourceVersion "1"]
[SourceVersionDate "2007.03.07"]
[SourceQuality "1"]

1. Nf3 Nf6 2. c4 b6 3. Nc3 Bb7 4. d4 e6 5. a3 d5 6. Qa4+ Bc6 7. Qb3 dxc4 8. Qxc4 Be7 9. Bf4 0-0 10. e3 Bd6 11. Bg5 h6 12. Bh4 Bb7 13. Qa4 a6 14. Qc2 Nbd7 15. Rd1 Qe7 16. Bc4 c5 17. dxc5 Bxc5 18. Ba2 Rfd8 19. 0-0 Bxf3 20. gxf3 Ne5 21. Kg2 Ng6 22. Bg3 h5 23. h3 Bd6 24. f4 Qb7+ 25. f3 Bc5 26. Rd3 Rxd3 27. Qxd3 Be7 28. Rd1 Rd8 29. Qc2 Rxd1 30. Qxd1 b5 31. Bb1 h4 1/2-1/2

[Event "Singapore Masters 3rd"]
[Site "Singapore"]
[Date "2006.12.29"]
[Round "7"]
[White "Wu, Wenjin"]
[Black "Gomez, John Paul"]
[Result "1-0"]
[WhiteElo "2476"]
[BlackElo "2387"]
[PlyCount "130"]
[EventDate "2006.12.26"]
[EventType "swiss"]
[EventRounds "9"]
[EventCountry "SIN"]
[SourceTitle "CBM 116 Extra"]
[Source "ChessBase"]
[SourceDate "2007.03.07"]
[SourceVersion "1"]
[SourceVersionDate "2007.03.07"]
[SourceQuality "1"]

1. d4 Nf6 2. c4 e6 3. g3 Bb4+ 4. Bd2 Qe7 5. Bg2 0-0 6. Nc3 Nc6 7. a3 Bxc3 8. Bxc3 d6 9. e3 e5 10. d5 Nb8 11. Qc2 c6 12. Ne2 cxd5 13. cxd5 b6 14. 0-0 Bb7 15. Rfd1 Nbd7 16. Rac1 Rfc8 17. e4 Ba6 18. f3 Rc7 19. Kf2 Nc5 20. Bh3 Bc4 21. Qb1 Bb3 22. Rd2 a5 23. Re1 Bc4 24. Nc1 Bb5 25. Re3 Bd7 26. Bxd7 Qxd7 27. Kg2 Rac8 28. Ne2 Qb5 29. Qe1 Nb3 30. Rd1 Nd7 31. g4 Ndc5 32. Qh4 Na4 33. Ng3 f6 34. g5 Nxc3 35. bxc3 fxg5 36. Qxg5 Qd7 37. Nf5 Rf8 38. h4 Qd8 39. Qg4 Qf6 40. Kf2 a4 41. h5 Na5 42. Rg1 Nc4 43. Ree1 Nxa3 44. Ra1 Nb5 45. c4 Nd4 46. Nxd4 exd4 47. Rxa4 Rcf7 48. Ra3 d3 49. Rxd3 Qb2+ 50. Kg3 Qe2 51. Rgd1 Rf4 52. Qxf4 Rxf4 53. Kxf4 Kf7 54. Kg3 Kf6 55. R1d2 Qe1+ 56. Kg2 Ke5 57. Rf2 Kf4 58. Rdd2 Qa1 59. Rb2 Qa7 60. Rbe2 Qe7 61. e5 dxe5 62. Re4+ Kf5 63. Rfe2 Qg5+ 64. Kf2 Kf6 65. d6 Qc1 1-0

[Event "Singapore Masters 3rd"]
[Site "Singapore"]
[Date "2006.12.28"]
[Round "5"]
[White "Li, Ruofan"]
[Black "Wu, Wenjin"]
[Result "0-1"]
[WhiteElo "2391"]
[BlackElo "2476"]
[PlyCount "124"]
[EventDate "2006.12.26"]
[EventType "swiss"]
[EventRounds "9"]
[EventCountry "SIN"]
[SourceTitle "CBM 116 Extra"]
[Source "ChessBase"]
[SourceDate "2007.03.07"]
[SourceVersion "1"]
[SourceVersionDate "2007.03.07"]
[SourceQuality "1"]

1. d4 Nf6 2. c4 g6 3. Nc3 d5 4. Bg5 Ne4 5. Bh4 Nxc3 6. bxc3 dxc4 7. e3 Be6 8. Qb1 b6 9. Nf3 Bg7 10. Ng5 Bd5 11. e4 h6 12. exd5 hxg5 13. Qb5+ c6 14. dxc6 a6 15. Qxg5 Nxc6 16. Bxc4 Na5 17. Bxa6 Kf8 18. Qxe7+ Qxe7+ 19. Bxe7+ Kxe7 20. Bb5 Kd6 21. Kd2 Kc7 22. Rhe1 Bf6 23. h3 Nb7 24. Bc4 Nd6 25. Bb3 Ra5 26. Re2 Rg5 27. f3 Ra5 28. Kd3 Ra3 29. f4 Kd7 30. Rf1 b5 31. Rf3 Rc8 32. Kd2 Rc7 33. g4 Nc4+ 34. Ke1 Be7 35. f5 Bh4+ 36. Kf1 Kd6 37. Kg2 Re7 38. Kf1 Bg5 39. fxg6 fxg6 40. Rxe7 Kxe7 41. Ke2 Nd6 42. Kd3 Ra8 43. Rf2 Kd7 44. Rf3 Kc6 45. Rf2 Kb6 46. Rf3 Ka5 47. Rf2 Re8 48. Re2 Rh8 49. Re6 Rxh3+ 50. Ke2 Bf4 51. Rxg6 Ne4 52. d5 Nxc3+ 53. Kf1 Ne4 54. Ke2 Re3+ 55. Kd1 Nf2+ 56. Kc2 Re2+ 57. Kb1 Nd3 58. Re6 Rb2+ 59. Ka1 Rf2 60. Kb1 Be5 61. d6 Rb2+ 62. Ka1 Rc2+ 0-1

[Event "CHN-chT 2nd"]
[Site "China"]
[Date "2006.11.14"]
[Round "14"]
[White "Wu, Wenjin"]
[Black "Zhang, Zhong"]
[Result "0-1"]
[WhiteElo "2476"]
[BlackElo "2640"]
[PlyCount "66"]
[EventDate "2006.04.04"]
[EventType "team-tourn"]
[EventRounds "18"]
[EventCountry "CHN"]
[SourceTitle "EXT 2017"]
[Source "ChessBase"]
[SourceDate "2016.10.25"]
[SourceVersion "1"]
[SourceVersionDate "2016.10.25"]
[SourceQuality "1"]
[WhiteTeam "Chongqing"]
[BlackTeam "Heibei"]
[WhiteTeamCountry "CHN"]
[BlackTeamCountry "CHN"]

1. Nf3 Nf6 2. c4 e6 3. d4 b6 4. Nc3 Bb7 5. Bf4 Bb4 6. Qb3 Bxc3+ 7. Qxc3 d6 8. h3 Nbd7 9. e3 0-0 10. Be2 Qe7 11. 0-0 Ne4 12. Qc2 f5 13. Bh2 Rf6 14. Rfd1 Rg6 15. d5 e5 16. b4 Rf8 17. Bd3 Bc8 18. Ne1 Qh4 19. Bxe4 fxe4 20. Bg3 Qg5 21. Qxe4 Nf6 22. Qd3 e4 23. Qd4 Nh5 24. Qxe4 Nxg3 25. fxg3 Qxg3 26. Rd2 Bxh3 27. Nd3 Rgf6 28. Nf4 Bg4 29. Qe7 g5 30. Nd3 R8f7 31. Qd8+ Kg7 32. Re1 Bf5 33. Nf2 Be4 0-1